LEADER 02827oam 2200949zu 450
001 9910450395603321
005 20210721060849.0
010 $a90-272-9996-X
010 $a9786612254901
010 $a0-585-46120-1
010 $a1-282-25490-1
035 $a(CKB)1000000000008896
035 $a(SSID)ssj0000116808
035 $a(PQKBManifestationID)11131923
035 $a(PQKBTitleCode)TC0000116808
035 $a(PQKBWorkID)10036080
035 $a(PQKB)11183721
035 $a(MiAaPQ)EBC622287
035 $a(EXLCZ)991000000000008896
100 $a20160829d2000 uy
101 0 $aeng
181 $ctxt
182 $cc
183 $acr
200 04$aThe caldron of consciousness : motivation, affect, and self-organization : an anthology
210 31$a[Place of publication not identified]$cJ Benjamins Pub Co$d2000
225 0 $aAdvances in consciousness research The caldron of consciousness
300 $aBibliographic Level Mode of Issuance: Monograph
311 $a90-272-5136-3
311 $a1-55619-196-0
606 $aConsciousness
606 $aEmotions
606 $aMotivation (Psychology)
606 $aSelf-organizing systems
606 $aEmotional Intelligence
606 $aBehavior and Behavior Mechanisms
606 $aPsychophysiology
606 $aPersonality Development
606 $aCognition
606 $aPsychoanalytic Theory
606 $aPsychiatry and Psychology
606 $aMental Processes
606 $aIntelligence
606 $aPsychological Theory
606 $aPsychological Phenomena and Processes
606 $aPersonality
606 $aConsciousness
606 $aEgo
606 $aMotivation
606 $aEmotions
606 $aSocial Sciences$2HILCC
606 $aPsychology$2HILCC
615 0$aConsciousness
615 0$aEmotions
615 0$aMotivation (Psychology)
615 0$aSelf-organizing systems
615 2$aEmotional Intelligence
615 2$aBehavior and Behavior Mechanisms
615 2$aPsychophysiology
615 2$aPersonality Development
615 2$aCognition
615 2$aPsychoanalytic Theory
615 2$aPsychiatry and Psychology
615 2$aMental Processes
615 2$aIntelligence
615 2$aPsychological Theory
615 2$aPsychological Phenomena and Processes
615 2$aPersonality
615 2$aConsciousness
615 2$aEgo
615 2$aMotivation
615 2$aEmotions
615 7$aSocial Sciences
615 7$aPsychology
676 $a153
702 $aNewton$b Natika
702 $aEllis$b Ralph D
801 0$bPQKB
906 $aBOOK
912 $a9910450395603321
996 $aThe caldron of consciousness : motivation, affect, and self-organization : an anthology$92043874
997 $aUNINA
LEADER 03353nam 2200589 450
001 9910809661903321
005 20230721012036.0
010 $a0-7391-3036-6
010 $a1-299-79565-X
035 $a(CKB)2550000001259818
035 $a(EBL)1352207
035 $a(OCoLC)876507219
035 $a(SSID)ssj0001174042
035 $a(PQKBManifestationID)12509890
035 $a(PQKBTitleCode)TC0001174042
035 $a(PQKBWorkID)11107148
035 $a(PQKB)10763480
035 $a(MiAaPQ)EBC1352207
035 $a(Au-PeEL)EBL1352207
035 $a(CaPaEBR)ebr10923915
035 $a(CaONFJC)MIL510816
035 $a(EXLCZ)992550000001259818
100 $a20140910h20082004 uy 0
101 0 $aeng
135 $aur|n|---|||||
181 $ctxt
182 $cc
183 $acr
200 00$a"One country, two systems" in crisis $eHong Kong's transformation since the handover /$fedited by Wong Yiu-chung ; contributors, Brian Bridges [and nine others]
205 $aFirst paperback edition.
210 1$aLanham, Maryland ;$aPlymouth, England :$cLexington Books,$d2008.
210 4$dİ2004
215 $a1 online resource (255 p.)
300 $aIncludes index.
311 $a0-7391-2905-8
311 $a0-7391-0492-6
327 $aTitle Page; Copyright Page; Contents; List of Tables; Acknowledgments; Introduction Wong Yiu-chung; Part I: The Principle and Its Practice; 1 ""One Country"" and ""Two Systems"": Where Is the Line? Wong Yiu-chung; Part II: Political and Legal Changes; 2 Taking Stock of ""One Country, Two Systems"" Kenneth Ka-Lok Chan; 3 The Search for the Rule of Law in the Hong Kong Special Administrative Region, 1997-2003 Anne S. Y. Cheung and Albert H. Y. Chen; Part III: State-Society Relationships; 4 The ""Right of Abode"" Issue: A Test Case of ""One Country, Two Systems"" Fung Ho-lup
327 $a5 Catholic Church Relations with the Hong Kong SAR Government: The Paradigm Shift Beatrice K. F. Leung6 Governance in Education in Hong Kong: A Decentralizing or a Centralizing Path? Anita Y: K. Poon and Wong Yiu-chung; Part IV: Hong Kong and the Outside World; 7 Business as Usual? The European Union and Hong Kong after the Handover Brian Bridges; 8 An East-West Conundrum: Hong Kong in Between China and the United States after the Chinese Resumption of Sovereignty Ting Wai; 9 Compromise on Depoliticization: Post-1997 Hong Kong-Taiwan Ties under the Cross-Straits Conflict Timothy Ka- Ying Wong
327 $aIndexAbout the Contributors
330 $a'One Country, Two Systems' in Crisis elucidates how China's intervention in Hong Kong after the British handover in 1984 has curtailed Hong Kong's civil liberties; how freedom of speech is at the mercy of the government; and how deception has turned the 'Pearl of the Orient' into the rubber stamp of the Chinese Communist Party.
607 $aHong Kong (China)$xPolitics and government$y1997-
607 $aHong Kong (China)$xHistory$yTransfer of Sovereignty from Great Britain, 1997
676 $a951.25
702 $aYiu-chung Wong
702 $aBridges$b Brian
801 0$bMiAaPQ
801 1$bMiAaPQ
801 2$bMiAaPQ
906 $aBOOK
912 $a9910809661903321
996 $a"One country, two systems" in crisis$94116910
997 $aUNINA